<?xml version="1.0" encoding="UTF-8"?>
<marc:record xmlns:marc="http://www.loc.gov/MARC21/slim">
   <marc:leader>00000nam a2200000 a 4500</marc:leader>
   <marc:datafield ind1="1" ind2=" " tag="100">
      <marc:subfield code="a">Petrowskaja, Katja</marc:subfield>
      <marc:subfield code="4">aut</marc:subfield>
      <marc:subfield code="e">Verfasser/-in</marc:subfield>
   </marc:datafield>
   <marc:datafield ind1=" " ind2=" " tag="653">
      <marc:subfield code="a">Geschichte 1939-1945</marc:subfield>
   </marc:datafield>
   <marc:datafield ind1=" " ind2=" " tag="653">
      <marc:subfield code="a">Fiktionale Darstellung</marc:subfield>
   </marc:datafield>
   <marc:datafield ind1=" " ind2=" " tag="653">
      <marc:subfield code="a">Belletristische Darstellung</marc:subfield>
   </marc:datafield>
   <marc:datafield ind1=" " ind2=" " tag="653">
      <marc:subfield code="a">Erzählende Literatur: Gegenwartsliteratur ab 1945</marc:subfield>
   </marc:datafield>
   <marc:datafield ind1="0" ind2="0" tag="245">
      <marc:subfield code="a">Vielleicht Esther</marc:subfield>
   </marc:datafield>
   <marc:datafield ind1="0" ind2="0" tag="245">
      <marc:subfield code="c">Katja Petrowskaja</marc:subfield>
   </marc:datafield>
   <marc:datafield ind1=" " ind2="1" tag="264">
      <marc:subfield code="a">Berlin</marc:subfield>
      <marc:subfield code="b">Suhrkamp</marc:subfield>
      <marc:subfield code="c">2015</marc:subfield>
   </marc:datafield>
   <marc:datafield ind1="1" ind2=" " tag="520">
      <marc:subfield code="a">Angaben aus der Verlagsmeldung

Vielleicht Esther / von Katja Petrowskaja

Hieß sie wirklich Esther, die Großmutter des Vaters, die 1941 im besetzten Kiew allein in der Wohnung der geflohenen Familie zurückblieb? Die jiddischen Worte, die sie vertrauensvoll an die deutschen Soldaten auf der Straße richtete – wer hat sie gehört? Und als die Soldaten die Babuschka erschossen, »mit nachlässiger Routine« – wer hat am Fenster gestanden und zugeschaut?
In Kiew und Mauthausen, Warschau und Wien legt Katja Petrowskaja Fragmente eines zerbrochenen Familienmosaiks frei – Stoff für einen Epochenroman, erzählt in lapidaren Geschichten. Die Autorin schreibt von ihren Reisen zu den Schauplätzen, reflektiert über ein zersplittertes, traumatisiertes Jahrhundert und rückt Figuren ins Bild, deren Gesichter nicht mehr erkennbar sind. Ungläubigkeit, Skrupel und ein Sinn für Komik wirken in jedem Satz dieses eindringlichen Buches.
</marc:subfield>
   </marc:datafield>
   <marc:datafield ind1=" " ind2=" " tag="020">
      <marc:subfield code="a">9783518465967</marc:subfield>
      <marc:subfield code="9">9783518465967</marc:subfield>
   </marc:datafield>
   <marc:datafield ind1=" " ind2=" " tag="020">
      <marc:subfield code="a">3518465961</marc:subfield>
      <marc:subfield code="9">3518465961</marc:subfield>
   </marc:datafield>
   <marc:datafield ind1=" " ind2=" " tag="041">
      <marc:subfield code="a">ger</marc:subfield>
   </marc:datafield>
   <marc:datafield ind1=" " ind2=" " tag="300">
      <marc:subfield code="a">285 S.</marc:subfield>
   </marc:datafield>
</marc:record>
